000 00486nam a2200169Ia 4500
003 GCL
008 140319s9999 xx 000 0 ara d
040 _aGCL /
_cGCL
082 0 4 _a812.043
_bك ع
100 1 _aنعيم عطية
245 1 0 _aعطيل يعود /
_cنعيم عطية
700 1 _aنيقوس كازاندزاكى
490 _aمن المسرح العالمى
_v0
650 0 4 _aالمسرحيات
650 0 4 _aالمسرحيات اليونانية
942 _2ddc
_cBK
999 _c41820
_d41820